[Event "HUN-chT2 Asztalos 1516"]
[Site "Hungary"]
[Date "2016.04.03"]
[Round "10.6"]
[White "Wolosz, Janos"]
[Black "Grunwald, Matyas"]
[Result "0-1"]
[WhiteElo "2056"]
[BlackElo "1973"]
[PlyCount "78"]
[EventDate "2015.09.13"]
[EventType "team-tourn"]
[EventRounds "11"]
[EventCountry "HUN"]
[SourceTitle "EXT 2017"]
[Source "ChessBase"]
[SourceDate "2016.10.25"]
[SourceVersion "1"]
[SourceVersionDate "2016.10.25"]
[SourceQuality "1"]
[WhiteTeam "Szentlorinc"]
[BlackTeam "Komlo Banyasz"]
[WhiteTeamCountry "HUN"]
[BlackTeamCountry "HUN"]

1. d4 Nf6 2. c4 c5 3. d5 d6 4. Nc3 e6 5. Nf3 exd5 6. cxd5 Qe7 7. h3 g6 8. Bf4 a6 9. a4 Bg7 10. e3 0-0 11. Be2 b6 12. Nd2 Nbd7 13. Nc4 Ne8 14. 0-0 Rb8 15. Qd2 Ne5 16. Rab1 h5 17. b4 Nxc4 18. Bxc4 Qc7 19. Rfc1 Bf5 20. e4 Bxc3 21. Qxc3 Bxe4 22. Bd3 Bxd3 23. Qxd3 Ra8 24. bxc5 bxc5 25. Bh6 Ng7 26. Qc3 f6 27. g4 hxg4 28. hxg4 Qd7 29. Qg3 Rab8 30. Bf4 Rxb1 31. Rxb1 Rd8 32. Rb6 Ne8 33. Rxa6 g5 34. Bd2 Rb8 35. f3 Rb1+ 36. Kg2 Qh7 37. Be1 Qd3 38. Ra8 Qe2+ 39. Bf2 Qf1+ 0-1

[Event "HUN-chT2 Asztalos 1213"]
[Site "Hungary"]
[Date "2013.02.17"]
[Round "7.10"]
[White "Dani, Ferenc"]
[Black "Grunwald, Matyas"]
[Result "1-0"]
[WhiteElo "1742"]
[BlackElo "2026"]
[PlyCount "49"]
[EventDate "2012.09.16"]
[EventType "team-tourn"]
[EventRounds "9"]
[EventCountry "HUN"]
[SourceTitle "EXT 2014"]
[Source "ChessBase"]
[SourceDate "2013.11.20"]
[SourceVersion "1"]
[SourceVersionDate "2013.11.20"]
[SourceQuality "1"]
[WhiteTeam "Pecs Karmin"]
[BlackTeam "Komlo"]
[WhiteTeamCountry "HUN"]
[BlackTeamCountry "HUN"]

1. d4 d6 2. e4 Nf6 3. Nc3 g6 4. f4 Bg7 5. Nf3 c5 6. dxc5 Qa5 7. Bb5+ Bd7 8. Bxd7+ Nbxd7 9. 0-0 Qxc5+ 10. Kh1 Rc8 11. Nd2 h5 12. Nb3 Qb6 13. Qe2 Ng4 14. Nd5 Qc6 15. c3 Nc5 16. Na5 Qd7 17. Nb3 0-0 18. Nxc5 Rxc5 19. h3 Nf6 20. Nxf6+ Bxf6 21. Be3 Rc6 22. f5 Kh7 23. g4 hxg4 24. Qxg4 d5 25. fxg6+ 1-0

[Event "HUN-chT2 Asztalos 1112"]
[Site "Hungary"]
[Date "2011.11.13"]
[Round "3.9"]
[White "Grunwald, Matyas"]
[Black "Hedl, Zoltan"]
[Result "1-0"]
[WhiteElo "2051"]
[BlackElo "1952"]
[PlyCount "75"]
[EventDate "2011.09.25"]
[EventType "team-tourn"]
[EventRounds "11"]
[EventCountry "HUN"]
[SourceTitle "EXT 2013"]
[Source "ChessBase"]
[SourceDate "2012.11.22"]
[SourceVersion "1"]
[SourceVersionDate "2012.11.22"]
[SourceQuality "1"]
[WhiteTeam "Komlo"]
[BlackTeam "Baja"]
[WhiteTeamCountry "HUN"]
[BlackTeamCountry "HUN"]

1. d4 d5 2. c4 e6 3. Nc3 Nf6 4. Bg5 Be7 5. e3 b6 6. cxd5 exd5 7. Nf3 a6 8. Qb3 Bb7 9. Bd3 0-0 10. 0-0 Nbd7 11. Rac1 c5 12. Bf5 c4 13. Qc2 h6 14. Bf4 b5 15. Rfe1 Re8 16. e4 dxe4 17. Nxe4 Nxe4 18. Bxe4 Bxe4 19. Rxe4 Nf6 20. Re2 Bb4 21. Be5 Ng4 22. Rd1 Qd7 23. h3 Nxe5 24. dxe5 Qc7 25. Re4 Qe7 26. Red4 Rad8 27. Qe4 Rxd4 28. Qxd4 Bc5 29. Qd5 Bb6 30. Qd6 Qa7 31. Qc6 Bxf2+ 32. Kf1 Rf8 33. Rd7 Qb6 34. Rd6 Rb8 35. Qd5 Qe3 36. e6 fxe6 37. Rxe6 Qc5 38. Re8+ 1-0

[Event "HUN-chT2 Asztalos 1112"]
[Site "Hungary"]
[Date "2011.10.30"]
[Round "2.8"]
[White "Grunwald, Matyas"]
[Black "Fath, Jozsef Jr"]
[Result "1-0"]
[WhiteElo "2051"]
[BlackElo "1919"]
[PlyCount "99"]
[EventDate "2011.09.25"]
[EventType "team-tourn"]
[EventRounds "11"]
[EventCountry "HUN"]
[SourceTitle "EXT 2013"]
[Source "ChessBase"]
[SourceDate "2012.11.22"]
[SourceVersion "1"]
[SourceVersionDate "2012.11.22"]
[SourceQuality "1"]
[WhiteTeam "Komlo"]
[BlackTeam "Dombovar"]
[WhiteTeamCountry "HUN"]
[BlackTeamCountry "HUN"]

1. d4 Nf6 2. c4 e6 3. Nf3 b6 4. Nc3 Bb7 5. e3 Be7 6. Bd3 0-0 7. 0-0 d5 8. Ne5 c5 9. b3 cxd4 10. exd4 Nc6 11. Bb2 dxc4 12. Nxc6 Bxc6 13. bxc4 Qd6 14. Re1 Rfd8 15. Ne4 Nxe4 16. Bxe4 Bf6 17. Rc1 Bxe4 18. Rxe4 Qe7 19. Qe2 Qb7 20. Re1 h6 21. h4 Rac8 22. Rc1 Rc7 23. Rg4 Re7 24. Rc2 Kf8 25. Ba3 Rxd4 26. Bxe7+ Kxe7 27. h5 Qd7 28. Rxd4 Qxd4 29. Rd2 Qa1+ 30. Rd1 Qc3 31. Qd3 Qxd3 32. Rxd3 Be5 33. f3 Bd6 34. Kf2 Bc5+ 35. Ke2 e5 36. Rd5 Ke6 37. g4 a5 38. a4 f6 39. Kd3 Bb4 40. Ke4 Bd6 41. Rd1 Bc7 42. Rb1 Bd8 43. Rb5 Bc7 44. c5 bxc5 45. Rxc5 Kd6 46. Rb5 Ke6 47. Rb7 Bd6 48. Rxg7 Bb4 49. Ra7 Bd2 50. Ra6+ 1-0

[Event "HUN-chT2 Asztalos 1112"]
[Site "Hungary"]
[Date "2011.09.25"]
[Round "1.8"]
[White "Mihaljevic, Branko"]
[Black "Grunwald, Matyas"]
[Result "0-1"]
[WhiteElo "1958"]
[BlackElo "2051"]
[PlyCount "64"]
[EventDate "2011.09.25"]
[EventType "team-tourn"]
[EventRounds "11"]
[EventCountry "HUN"]
[SourceTitle "EXT 2013"]
[Source "ChessBase"]
[SourceDate "2012.11.22"]
[SourceVersion "1"]
[SourceVersionDate "2012.11.22"]
[SourceQuality "1"]
[WhiteTeam "Mohacs"]
[BlackTeam "Komlo"]
[WhiteTeamCountry "HUN"]
[BlackTeamCountry "HUN"]

1. d4 d6 2. Nf3 Nf6 3. Bf4 g6 4. Qd2 Bg7 5. Bh6 0-0 6. Bxg7 Kxg7 7. Nc3 c5 8. e3 a6 9. a4 Nc6 10. Be2 Nb4 11. h3 Bd7 12. b3 Bc6 13. g4 e5 14. dxe5 dxe5 15. 0-0-0 Be4 16. Nxe4 Nxe4 17. Qe1 Qe7 18. Bd3 Nc3 19. e4 Nxd1 20. Kxd1 b5 21. Qc3 Nxd3 22. cxd3 Rfe8 23. Ke2 bxa4 24. bxa4 Rab8 25. Nd2 Qd6 26. Nc4 Qd4 27. Qc2 Rb4 28. Rd1 Reb8 29. Rd2 Rb3 30. h4 Rc3 31. Qd1 Rxc4 32. dxc4 Qxe4+ 0-1

[Event "HUN-chT2 Asztalos 1011"]
[Site "Hungary"]
[Date "2011.03.27"]
[Round "7.7"]
[White "Pais, Nimrod"]
[Black "Grunwald, Matyas"]
[Result "1-0"]
[WhiteElo "2029"]
[BlackElo "2056"]
[PlyCount "81"]
[EventDate "2010.09.12"]
[EventType "team-tourn"]
[EventRounds "11"]
[EventCountry "HUN"]
[SourceTitle "EXT 2012"]
[Source "ChessBase"]
[SourceDate "2011.11.24"]
[SourceVersion "1"]
[SourceVersionDate "2011.11.24"]
[SourceQuality "1"]
[WhiteTeam "Fehervar"]
[BlackTeam "Komlo"]
[WhiteTeamCountry "HUN"]
[BlackTeamCountry "HUN"]

1. e4 c5 2. Nf3 d6 3. d4 cxd4 4. Nxd4 Nf6 5. Nc3 g6 6. Be2 Bg7 7. Be3 0-0 8. 0-0 Nc6 9. h3 Nxd4 10. Bxd4 Bd7 11. f4 Bc6 12. Bf3 Nd7 13. Bxg7 Kxg7 14. Qd4+ f6 15. Rad1 Qb6 16. Qxb6 Nxb6 17. b3 Rac8 18. Ne2 f5 19. Nd4 Rf7 20. exf5 Bxf3 21. Rxf3 gxf5 22. c4 Rf6 23. Re1 Kf7 24. Rfe3 Re8 25. Ne6 Nc8 26. R1e2 h6 27. Nc7 Rg8 28. Nd5 Rfg6 29. Nxe7 Rxg2+ 30. Rxg2 Rxg2+ 31. Kxg2 Nxe7 32. Kg3 Ng8 33. Kf3 Nf6 34. Re1 Nd7 35. Ke3 Nf6 36. Kd4 b6 37. b4 Nh5 38. Ke3 Nf6 39. Kf3 Nh5 40. Re3 Nf6 41. Ra3 1-0

[Event "HUN-chT2 Asztalos 1011"]
[Site "Hungary"]
[Date "2010.11.21"]
[Round "6.8"]
[White "Grunwald, Matyas"]
[Black "Mihaljevic, Branko"]
[Result "0-1"]
[WhiteElo "2056"]
[BlackElo "1958"]
[PlyCount "62"]
[EventDate "2010.09.12"]
[EventType "team-tourn"]
[EventRounds "11"]
[EventCountry "HUN"]
[SourceTitle "EXT 2012"]
[Source "ChessBase"]
[SourceDate "2011.11.24"]
[SourceVersion "1"]
[SourceVersionDate "2011.11.24"]
[SourceQuality "1"]
[WhiteTeam "Komlo"]
[BlackTeam "Mohacs"]
[WhiteTeamCountry "HUN"]
[BlackTeamCountry "HUN"]

1. d4 f5 2. Bg5 g6 3. Nf3 Bg7 4. e3 Nf6 5. Bxf6 Bxf6 6. h4 b6 7. Nc3 Bb7 8. Bd3 e6 9. e4 Nc6 10. h5 Nxd4 11. Qd2 Nxf3+ 12. gxf3 Qe7 13. Nb5 d6 14. c3 a6 15. Nd4 c5 16. Nc2 b5 17. Ne3 0-0-0 18. a4 c4 19. Bc2 d5 20. exf5 gxf5 21. axb5 axb5 22. Ra5 Qd7 23. Ke2 Bg5 24. Qd4 Qc6 25. Rg1 Rhg8 26. Nxf5 exf5 27. Bxf5+ Kc7 28. Rxg5 Rde8+ 29. Kd2 Rxg5 30. Qf4+ Kb6 31. Ra3 Qf6 0-1

[Event "HUN-chT2 Asztalos 1011"]
[Site "Hungary"]
[Date "2010.10.24"]
[Round "4.9"]
[White "Nyaradi, Gabor"]
[Black "Grunwald, Matyas"]
[Result "1-0"]
[WhiteElo "1899"]
[BlackElo "2056"]
[PlyCount "73"]
[EventDate "2010.09.12"]
[EventType "team-tourn"]
[EventRounds "11"]
[EventCountry "HUN"]
[SourceTitle "EXT 2012"]
[Source "ChessBase"]
[SourceDate "2011.11.24"]
[SourceVersion "1"]
[SourceVersionDate "2011.11.24"]
[SourceQuality "1"]
[WhiteTeam "Dombovar"]
[BlackTeam "Komlo"]
[WhiteTeamCountry "HUN"]
[BlackTeamCountry "HUN"]

1. e4 c5 2. Nf3 d6 3. Nc3 Nf6 4. e5 Ng4 5. exd6 exd6 6. Bb5+ Bd7 7. 0-0 Nf6 8. d4 Be7 9. dxc5 dxc5 10. Ne5 0-0 11. Nxd7 Nbxd7 12. Qf3 Qc7 13. Bf4 Ne5 14. Bxe5 Qxe5 15. Qxb7 Bd6 16. g3 Rab8 17. Qf3 h5 18. Rfe1 Qg5 19. Rab1 h4 20. Bc6 hxg3 21. hxg3 Rb4 22. Ne4 Nxe4 23. Rxe4 Rfb8 24. b3 Rxe4 25. Qxe4 Be5 26. Kg2 Rb4 27. c4 Rb8 28. f4 Qh6 29. Rh1 Qd6 30. fxe5 Qd2+ 31. Kf3 Rd8 32. Bd5 Re8 33. Qf4 Qc3+ 34. Kg4 Re7 35. e6 fxe6 36. Rh8+ Kxh8 37. Qf8+ 1-0

[Event "HUN-chT2 Asztalos 0910"]
[Site "Hungary"]
[Date "2010.03.21"]
[Round "8"]
[White "Forgacs, Istvan"]
[Black "Grunwald, Matyas"]
[Result "1/2-1/2"]
[WhiteElo "2009"]
[BlackElo "2076"]
[PlyCount "77"]
[EventDate "2009.11.08"]
[EventType "team-tourn"]
[EventRounds "11"]
[EventCountry "HUN"]
[SourceTitle "EXT 2011"]
[Source "ChessBase"]
[SourceDate "2010.11.26"]
[SourceVersion "1"]
[SourceVersionDate "2010.11.26"]
[SourceQuality "1"]
[WhiteTeam "Mohacs"]
[BlackTeam "Komlo"]
[WhiteTeamCountry "HUN"]
[BlackTeamCountry "HUN"]

1. e4 d6 2. d4 Nf6 3. Nc3 g6 4. f4 Bg7 5. Nf3 c5 6. dxc5 Qa5 7. Bd3 Qxc5 8. Qe2 0-0 9. Be3 Qa5 10. 0-0 Nc6 11. Kh1 Bg4 12. a3 Nd7 13. Qd2 a6 14. h3 Bxf3 15. Rxf3 b5 16. Rff1 Rac8 17. Rab1 Qd8 18. f5 Nce5 19. Bh6 Nf6 20. Bxg7 Kxg7 21. Rf4 g5 22. Rf2 h6 23. Re1 Rg8 24. Re3 Kf8 25. Re1 Nfd7 26. Nd5 f6 27. Bf1 Nc4 28. Bxc4 Rxc4 29. b3 Rc5 30. Re3 Kf7 31. Rc3 Qc8 32. Rff3 Qb7 33. Rxc5 dxc5 34. Rc3 Ra8 35. Qe2 Ne5 36. Qh5+ Kg7 37. Qe2 Kf7 38. Qh5+ Kg7 39. Qe2 1/2-1/2

[Event "HUN-chT2 Asztalos 0910"]
[Site "Hungary"]
[Date "2010.01.31"]
[Round "5"]
[White "Horvath, Csaba2222"]
[Black "Grunwald, Matyas"]
[Result "0-1"]
[WhiteElo "2225"]
[BlackElo "2076"]
[PlyCount "82"]
[EventDate "2009.11.08"]
[EventType "team-tourn"]
[EventRounds "11"]
[EventCountry "HUN"]
[SourceTitle "EXT 2011"]
[Source "ChessBase"]
[SourceDate "2010.11.26"]
[SourceVersion "1"]
[SourceVersionDate "2010.11.26"]
[SourceQuality "1"]
[WhiteTeam "Pannonpower II"]
[BlackTeam "Komlo"]
[WhiteTeamCountry "HUN"]
[BlackTeamCountry "HUN"]

1. Nf3 Nf6 2. d4 g6 3. g3 c6 4. Bg2 Bg7 5. 0-0 0-0 6. c4 d6 7. Nc3 Nbd7 8. e4 Qc7 9. Qd3 e5 10. dxe5 dxe5 11. Rd1 Nc5 12. Qe2 Bg4 13. h3 Bxf3 14. Bxf3 Ne6 15. Be3 Rfd8 16. Rxd8+ Rxd8 17. Rd1 Nd4 18. Bxd4 exd4 19. Qd3 Nd7 20. Nb1 Qb6 21. b3 Ne5 22. c5 Qxc5 23. b4 Nxd3 24. bxc5 Nxc5 25. Bg2 Na4 26. f4 c5 27. e5 Nb2 28. Rd2 Nc4 29. Rd3 b5 30. Nc3 b4 31. Ne4 Bf8 32. Nf6+ Kg7 33. Bd5 Nb6 34. Bf3 c4 35. Rd1 d3 36. Be4 Be7 37. Ng4 f5 38. exf6+ Bxf6 39. Nxf6 Kxf6 40. Kf2 Na4 41. Bc6 Nb2 0-1

[Event "HUN-chT2 Asztalos 0910"]
[Site "Hungary"]
[Date "2009.12.20"]
[Round "4"]
[White "Grunwald, Matyas"]
[Black "Czimer, Jozsef"]
[Result "1-0"]
[WhiteElo "2076"]
[BlackElo "1845"]
[PlyCount "99"]
[EventDate "2009.11.08"]
[EventType "team-tourn"]
[EventRounds "11"]
[EventCountry "HUN"]
[SourceTitle "EXT 2011"]
[Source "ChessBase"]
[SourceDate "2010.11.26"]
[SourceVersion "1"]
[SourceVersionDate "2010.11.26"]
[SourceQuality "1"]
[WhiteTeam "Komlo"]
[BlackTeam "Szekesfehervar"]
[WhiteTeamCountry "HUN"]
[BlackTeamCountry "HUN"]

1. d4 Nf6 2. c4 g6 3. Nc3 Bg7 4. e4 0-0 5. f3 d6 6. Be3 Nbd7 7. Qd2 e5 8. d5 a5 9. g4 Nc5 10. h4 h5 11. gxh5 Nxh5 12. Nge2 f5 13. Bg5 Qe8 14. 0-0-0 f4 15. Kb1 Bd7 16. Nc1 Kh7 17. Nd3 b6 18. Nxc5 bxc5 19. Nb5 Qb8 20. a4 Rf7 21. Bh3 Bxh3 22. Rxh3 Bf6 23. Rg1 Qd8 24. Bxf6 Qxf6 25. Rg4 Kh6 26. Kc2 Kh7 27. b3 Rg7 28. Qh2 Ra6 29. Qh1 Ra8 30. Rh2 Kg8 31. Rhg2 Kh7 32. Qg1 Qf7 33. Rg5 Kh6 34. Qh2 Qd7 35. Rg1 Kh7 36. Qg2 Qf7 37. Qg4 Nf6 38. Qh3 Nh5 39. Qg2 Qd7 40. Rxg6 Rag8 41. Rg5 Rxg5 42. hxg5 Kg6 43. Rh1 Ng3 44. Rh6+ Kf7 45. Rh7+ Rg7 46. Qh2 Kg8 47. Rh8+ Kf7 48. Qh6 Qe7 49. Nxc7 Rxg5 50. Rh7+ 1-0

[Event "HUN-chT2 Asztalos 0910"]
[Site "Hungary"]
[Date "2009.11.08"]
[Round "1"]
[White "Grunwald, Matyas"]
[Black "Misetane Burjan, Anita"]
[Result "1-0"]
[WhiteElo "2076"]
[BlackElo "2012"]
[PlyCount "120"]
[EventDate "2009.11.08"]
[EventType "team-tourn"]
[EventRounds "11"]
[EventCountry "HUN"]
[SourceTitle "EXT 2011"]
[Source "ChessBase"]
[SourceDate "2010.11.26"]
[SourceVersion "1"]
[SourceVersionDate "2010.11.26"]
[SourceQuality "1"]
[WhiteTeam "Komlo"]
[BlackTeam "Szenna Pack"]
[WhiteTeamCountry "HUN"]
[BlackTeamCountry "HUN"]

1. d4 d5 2. c4 e6 3. Nc3 Nf6 4. Bg5 c6 5. e3 Nbd7 6. Nf3 Be7 7. Bd3 h6 8. Bxf6 Bxf6 9. 0-0 dxc4 10. Bxc4 0-0 11. Qb3 e5 12. d5 Nc5 13. Qa3 e4 14. Nd4 Bxd4 15. exd4 cxd5 16. Bxd5 Ne6 17. Rad1 f5 18. Bc4 Kh8 19. Bxe6 Bxe6 20. d5 Bd7 21. Qc5 b6 22. Qd4 Qf6 23. f3 Qxd4+ 24. Rxd4 e3 25. f4 g5 26. Re1 Rae8 27. Nd1 gxf4 28. Rxf4 Re5 29. Nxe3 Rfe8 30. Kf2 Kh7 31. g4 Kg6 32. gxf5+ Kf7 33. a3 h5 34. d6 Kf6 35. Rd4 Rd8 36. Nd5+ Kxf5 37. Ne7+ Ke6 38. Rxe5+ Kxe5 39. Ke3 Be8 40. Re4+ Kxd6 41. Nf5+ Kc7 42. Re7+ Bd7 43. h4 Rf8 44. Ng3 Rh8 45. Kf4 Kd6 46. Rg7 a5 47. Ne4+ Kc6 48. Nf6 Rf8 49. Kg5 Be6 50. Rh7 Rxf6 51. Kxf6 Bg4 52. Kg5 Kd5 53. Rxh5 Bxh5 54. Kxh5 Kc4 55. Kg4 Kb3 56. h5 Kxb2 57. h6 Kxa3 58. h7 b5 59. h8Q b4 60. Qa1+ Kb3 1-0

[Event "HUN-chT2 Asztalos 0809"]
[Site "Hungary"]
[Date "2009.01.11"]
[Round "5"]
[White "Szabo, Richard"]
[Black "Grunwald, Matyas"]
[Result "1/2-1/2"]
[WhiteElo "2024"]
[BlackElo "2072"]
[PlyCount "137"]
[EventDate "2008.10.26"]
[EventType "team-tourn"]
[EventRounds "11"]
[EventCountry "HUN"]
[SourceTitle "EXT 2010"]
[Source "ChessBase"]
[SourceDate "2010.11.25"]
[SourceVersion "1"]
[SourceVersionDate "2010.11.25"]
[SourceQuality "1"]
[WhiteTeam "Szekszard/Decs II"]
[BlackTeam "Komlo"]
[WhiteTeamCountry "HUN"]
[BlackTeamCountry "HUN"]

1. c4 d6 2. g3 g6 3. Bg2 Bg7 4. Nc3 Nf6 5. Nf3 0-0 6. 0-0 c6 7. d4 Nbd7 8. Qc2 Rb8 9. a4 a5 10. Rd1 Qc7 11. b3 b5 12. axb5 cxb5 13. Qa2 bxc4 14. bxc4 Rb4 15. Nd2 Rb6 16. Nb5 Qb8 17. Qxa5 Ba6 18. Rb1 d5 19. Ba3 dxc4 20. Nc3 Re8 21. Na4 Rxb1 22. Rxb1 Qc8 23. Bc5 c3 24. Nxc3 e5 25. e3 Bd3 26. Rc1 Nxc5 27. Qxc5 exd4 28. Qxd4 Qd7 29. Qxd7 Nxd7 30. Nd5 Be5 31. Nf3 Rb8 32. Ne7+ Kg7 33. Nc6 Rb5 34. Nfxe5 Nxe5 35. Nxe5 Rxe5 36. Bf3 Bf5 37. Kg2 Be4 38. Bxe4 Rxe4 39. Rc6 Ra4 40. Rb6 h5 41. h3 Rc4 42. h4 Ra4 43. Rd6 Rc4 44. Kf3 Ra4 45. e4 Ra2 46. e5 Ra4 47. Ke3 Ra2 48. Rd7 Kf8 49. f3 Ra4 50. Rd4 Ra3+ 51. Kf4 Ke7 52. Rb4 Rc3 53. g4 hxg4 54. Kxg4 Ke6 55. f4 Rc8 56. Rb6+ Ke7 57. h5 gxh5+ 58. Kxh5 Rg8 59. f5 Rg1 60. Rb7+ Ke8 61. Ra7 Rg2 62. Ra4 Ke7 63. Ra7+ Ke8 64. f6 Rg1 65. Kh4 Rg2 66. Re7+ Kf8 67. Rd7 Ke8 68. Rd4 Rg1 69. Rd5 1/2-1/2

[Event "HUN-chT2 Asztalos 0708"]
[Site "Hungary"]
[Date "2007.12.16"]
[Round "5"]
[White "Toth, Zoltan Jr"]
[Black "Grunwald, Matyas"]
[Result "1/2-1/2"]
[WhiteElo "1997"]
[BlackElo "2087"]
[PlyCount "99"]
[EventDate "2007.10.14"]
[EventType "team"]
[EventRounds "11"]
[EventCountry "HUN"]
[SourceTitle "EXT 2009"]
[Source "ChessBase"]
[SourceDate "2008.11.26"]
[SourceVersion "1"]
[SourceVersionDate "2008.11.26"]
[SourceQuality "1"]
[WhiteTeam "Dombovar"]
[BlackTeam "Komlo Banyasz"]
[WhiteTeamCountry "HUN"]
[BlackTeamCountry "HUN"]

1. e4 d6 2. d4 Nf6 3. f3 g6 4. Be3 Bg7 5. Qd2 Nbd7 6. c4 0-0 7. Nc3 c5 8. Nge2 a6 9. g4 Rb8 10. Ng3 Ne8 11. dxc5 Qa5 12. cxd6 Nxd6 13. Bd4 Ne5 14. Bxe5 Bxe5 15. Nd5 Qxd2+ 16. Kxd2 e6 17. Nc3 b5 18. c5 Nc4+ 19. Bxc4 bxc4 20. Kc2 Bb7 21. b4 Bc6 22. a3 f5 23. gxf5 exf5 24. Rhf1 Rbd8 25. Rad1 fxe4 26. Rxd8 Rxd8 27. fxe4 Rd3 28. Nge2 Bxh2 29. Rd1 Re3 30. Rd8+ Kf7 31. Kd2 Rf3 32. a4 Ke7 33. Rd4 h5 34. b5 axb5 35. axb5 Rd3+ 36. Rxd3 cxd3 37. Kxd3 Be8 38. Nd5+ Kd8 39. c6 h4 40. Ke3 g5 41. Nf6 Bc7 42. Nxe8 Kxe8 43. Kf3 h3 44. Ng3 Ke7 45. Kg4 h2 46. Nh1 Kd6 47. Kf5 Kc5 48. e5 Kxb5 49. e6 Kxc6 50. Kxg5 1/2-1/2

[Event "HUN-chT2 Asztalos 0708"]
[Site "Hungary"]
[Date "2007.12.09"]
[Round "4"]
[White "Grunwald, Matyas"]
[Black "Czimer, Jozsef"]
[Result "1-0"]
[WhiteElo "2087"]
[BlackElo "1932"]
[PlyCount "107"]
[EventDate "2007.10.14"]
[EventType "team"]
[EventRounds "11"]
[EventCountry "HUN"]
[SourceTitle "EXT 2009"]
[Source "ChessBase"]
[SourceDate "2008.11.26"]
[SourceVersion "1"]
[SourceVersionDate "2008.11.26"]
[SourceQuality "1"]
[WhiteTeam "Komlo Banyasz"]
[BlackTeam "Elore MAV"]
[WhiteTeamCountry "HUN"]
[BlackTeamCountry "HUN"]

1. d4 f5 2. Bg5 g6 3. c4 Bg7 4. Nc3 c6 5. Nf3 d6 6. e4 Qa5 7. Qd2 h6 8. Be3 g5 9. exf5 Bxf5 10. Bd3 Nd7 11. b4 Qxb4 12. Bxf5 Qxc4 13. Bg6+ Kd8 14. Qd3 Qxd3 15. Bxd3 Ngf6 16. Rb1 Kc7 17. Rb3 b6 18. Ke2 Rhf8 19. Rc1 Kb7 20. a4 Rab8 21. a5 Rfc8 22. Ra3 Ra8 23. a6+ Kc7 24. h4 g4 25. Nd2 Kd8 26. Bf5 Rc7 27. Nce4 d5 28. Nxf6 Bxf6 29. Bxg4 Bg7 30. Bf4 e5 31. Bh2 exd4 32. Bxc7+ Kxc7 33. Bxd7 Kxd7 34. Rg3 Bf8 35. Kd3 Re8 36. Nf3 c5 37. Re1 Rxe1 38. Nxe1 Kc6 39. Rg8 Be7 40. Ra8 c4+ 41. Kxd4 Bc5+ 42. Kc3 b5 43. Nc2 Kb6 44. Rd8 Kxa6 45. Rxd5 Bxf2 46. Rd6+ Ka5 47. Rxh6 Bg3 48. h5 Be5+ 49. Nd4 Bxd4+ 50. Kxd4 Ka4 51. Ra6+ Kb3 52. h6 c3 53. h7 c2 54. Rc6 1-0

[Event "HUN-chT2 Asztalos 0506"]
[Site "Hungary"]
[Date "2005.11.27"]
[Round "4"]
[White "Grunwald, Matyas"]
[Black "Karacsony, Istvan"]
[Result "1/2-1/2"]
[WhiteElo "2092"]
[BlackElo "1875"]
[PlyCount "81"]
[EventDate "2005.10.16"]
[EventType "team"]
[EventRounds "11"]
[EventCountry "HUN"]
[SourceTitle "EXT 2009"]
[Source "ChessBase"]
[SourceDate "2008.11.26"]
[SourceVersion "1"]
[SourceVersionDate "2008.11.26"]
[SourceQuality "1"]
[WhiteTeam "Komlo Banyasz"]
[BlackTeam "Pecs Karmin"]
[WhiteTeamCountry "HUN"]
[BlackTeamCountry "HUN"]

1. d4 f5 2. Bg5 b6 3. e3 Bb7 4. Nf3 d6 5. Bd3 g6 6. h4 h5 7. Qe2 Bg7 8. e4 Qd7 9. c3 Nf6 10. Nbd2 Kf7 11. Bc4+ e6 12. Bf4 Re8 13. exf5 gxf5 14. Ng5+ Kg6 15. Bxe6 Qe7 16. 0-0-0 Bd5 17. Rde1 Bxe6 18. Qxe6 Qf8 19. Qc4 c5 20. Bxd6 Rxe1+ 21. Rxe1 Qxd6 22. Qf7+ Kh6 23. Ne6 Qd7 24. Qxg7+ Qxg7 25. Nxg7 Kxg7 26. Re5 cxd4 27. Rxf5 dxc3 28. bxc3 Nbd7 29. f3 Rc8 30. Kb2 Rc5 31. Rf4 Re5 32. g4 Nc5 33. Rd4 hxg4 34. fxg4 Re2 35. Ka3 Nfe4 36. Nxe4 Rxe4 37. Kb4 a6 38. Rxe4 Nxe4 39. c4 Kg6 40. a4 Nf2 41. a5 1/2-1/2